| 000 | 00884cam a2200133 4500500 | ||
|---|---|---|---|
| 005 | 20260329070543.0 | ||
| 041 | _afre | ||
| 042 | _adc | ||
| 100 | 1 | 0 |
_aLombard, Jean _eauthor |
| 245 | 0 | 0 | _aL'école et les sciences |
| 260 |
_bL'Harmattan,
_c2005. |
||
| 520 | _aSix études de Bruno Barthelmé, Charles Coutel, Bernard Jolibert, Jean Lechat, Yves Lorvellec et Bernard Vandewalle réexaminent, à partir des pratiques pédagogiques actuelles et des idéaux qui les fondent, les conditions et les enjeux de l'accès scolaire au savoir scientifique, les apports de la philosophie à ce débat fondateur, la "contre-révolution épistémologique" qui fait de la science elle-même un obstacle, l'idée, essentielle mais souvent malmenée, de culture scientifique. | ||
| 856 | 4 | 1 | _uhttps://shs.cairn.info/L-ecole-et-les-sciences--9782747590174?lang=fr&redirect-ssocas=7080 |
| 999 |
_c2027262 _d2027262 |
||